01561nam a22001817a 4500003001000000005001700010008004100027040001400068041000700082100002000089245007900109260004100188300001200229500008100241520102800322650001101350654001801361IT-MiCISF20250306115028.0180706b ||||| |||| 00| 0 eng d cIT-MiCISF ait aFoà Benedetta aLe doglie del ri-nascere.bDonne e uomini raccontano il dramma dell'aborto aCinisello B. (MI),bSan Paolo,c2018 app. 143 aaborto, vissuto-aborto, gravidanza, vissuto-paternità, vissuto-maternità aL'interruzione volontaria di gravidanza è un tabù di cui non si può parlare. Uno stato delle cose che non cambia di molto anche nel caso di aborti spontanei. Ancora oggi le mamme e i papà in lutto non trovano ascolto. L'omertà e il tabù che sono strettamente legati all'evento li portano a vivere il loro dolore nella completa solitudine o incomprensione. Questo dolore a volte è talmente forte da poterlo chiamare trauma e un trauma non elaborato porta a una sindrome chiamata stress post-aborto. In questo volume Benedetta Foà affronta questo tema così delicato partendo dalle storie di donne e uomini che hanno vissuto il dramma dell'aborto in prima persona; testimonianze autentiche che raccontano il dolore, un dolore e una sofferenza necessari ma spesso vissuti in solitudine, senza il sostegno degli altri. Ma se il trauma esiste e va elaborato, esiste comunque una via di uscita, un modo per rinascere e rialzarsi e questo libro si propone di essere un importante aiuto sul percorso di guarigione. aaborto atestimonianza